| 000 | 00632nam a2200205 a 4500 | ||
|---|---|---|---|
| 005 | 20250301063737.0 | ||
| 008 | 991125s1984 es 000 0 spa u | ||
| 020 | _a8470463160 | ||
| 035 | _aUPN01000008890 | ||
| 049 | _aCG | ||
| 050 | 4 |
_aLC3719 _bCH4.28 |
|
| 100 | 1 |
_aChing, Doris C., _d1930- _931459 |
|
| 245 | 1 | 0 |
_aCómo aprende a leer el niño bilingüe / _cDoris C. Ching ; tr. Francisco Marcos Marín. |
| 260 |
_aMadrid : _bCincel, _c1984. |
||
| 300 | _a68 p. | ||
| 440 | 0 |
_aGuías para el educador ; _v6 |
|
| 650 | 4 |
_aEducación bilingüe _91532 |
|
| 650 | 4 |
_aLectura _xEstudio y enseñanza (Elemental) _92805 |
|
| 905 | _aLibro | ||
| 999 |
_c8890 _d8890 |
||